000 00270nam a22001337a 4500
008 170313b xxu||||| |||| 00| 0 eng d
020 _a9780198515586
041 _aeng
080 _a591
100 _a7
101 _aSHM
245 _aNATURE
_cKRUUK,H
942 _2udc
_cBK
999 _c7685
_d7685